|
|
|
|
| LEADER |
00000cam a2200000 a 4500 |
| 001 |
59670 |
| 003 |
CZ-ZlUTB |
| 005 |
20240829144010.0 |
| 007 |
ta |
| 008 |
061110s2006 xr e 001 0 cze |
| 015 |
|
|
|a cnb001697206
|
| 020 |
|
|
|a 8024611244
|q (brož.)
|
| 035 |
|
|
|a (OCoLC)85715882
|
| 040 |
|
|
|a ABA001
|b cze
|d BOA001
|d ZLD002
|
| 041 |
1 |
|
|a cze
|h eng
|
| 072 |
|
7 |
|a 81
|x Lingvistika. Jazyky
|2 Konspekt
|9 11
|
| 080 |
|
|
|a 81'42
|2 MRF
|
| 080 |
|
|
|a 81:316.7
|2 MRF
|
| 080 |
|
|
|a 316.7
|2 MRF
|
| 080 |
|
|
|a (048.8)
|2 MRF
|
| 100 |
1 |
|
|a Ong, Walter J.,
|d 1912-2003
|7 pna2006370574
|4 aut
|
| 245 |
1 |
0 |
|a Technologizace slova :
|b mluvená a psaná řeč /
|c Walter J. Ong ; [z anglického originálu ... přeložil Petr Fantys]
|
| 246 |
3 |
0 |
|a Mluvená a psaná řeč
|
| 250 |
|
|
|a Vyd. české 1.
|
| 260 |
|
|
|a Praha :
|b Karolinum,
|c 2006
|
| 300 |
|
|
|a 236 s. ;
|c 21 cm
|
| 490 |
1 |
|
|a Limes
|
| 504 |
|
|
|a Obsahuje bibliografii, bibliografické odkazy a rejstřík
|
| 550 |
|
|
|a Vydavatel: Univerzita Karlova v Praze
|
| 650 |
0 |
7 |
|a psané texty
|7 ph124767
|2 czenas
|
| 650 |
0 |
7 |
|a mluvený projev
|7 ph122914
|2 czenas
|
| 650 |
0 |
7 |
|a jazyk a kultura
|7 ph121318
|2 czenas
|
| 650 |
0 |
7 |
|a sociologie kultury
|7 ph125751
|2 czenas
|
| 650 |
0 |
9 |
|a written texts
|2 eczenas
|
| 650 |
0 |
9 |
|a spoken language
|2 eczenas
|
| 650 |
0 |
9 |
|a language, culture and society
|2 eczenas
|
| 650 |
0 |
9 |
|a sociology of culture
|2 eczenas
|
| 655 |
|
7 |
|a studie
|7 fd133597
|2 czenas
|
| 655 |
|
9 |
|a studies
|2 eczenas
|
| 710 |
2 |
|
|a Univerzita Karlova
|7 kn20010710036
|
| 765 |
0 |
|
|t Orality and literacy
|9 Česky
|
| 830 |
|
0 |
|a Limes
|0 s
|
| 910 |
|
|
|a ZLD002
|
| 952 |
|
|
|0 0
|1 0
|4 0
|6 801ONGWJ
|7 0
|8 BOOK
|9 109092
|a UTBZL
|b UTBZL
|c 005
|d 2011-05-03
|l 0
|o 801/ONG,W.J.
|p 420010137548
|r 2019-08-26 00:00:00
|v 190.00
|w 2019-08-26
|x N: nákup;
|y 01
|
| 952 |
|
|
|0 0
|1 0
|4 0
|6 801ONGWJ
|7 0
|8 BOOK
|9 109093
|a UTBZL
|b UTBZL
|c 006
|d 2011-05-27
|l 9
|o 801/ONG,W.J.
|p 420010138179
|r 2023-11-21 00:00:00
|s 2020-02-18
|v 190.00
|w 2019-08-26
|x N:nákup;
|y 04
|
| 992 |
|
|
|a BK
|b SK
|d 8
|
| 901 |
|
|
|b 9788024611242
|f 1. čes. vyd.
|o 20070307
|
| 998 |
|
|
|a 001697206
|
| 999 |
|
|
|c 59670
|d 59670
|